Ανέκδοτα στιχουργήματα του θρησκευτικού θεάτρου του ΙΖ' αιώνα : έργα των ορθοδόξων Χίων κληρικών Μιχ. Βεστάρχη, Γρηγ. Κονταράτου, Γαβρ. Προσοψά
Αποθηκεύτηκε σε:
| Κύριος συγγραφέας: | |
|---|---|
| Άλλοι συγγραφείς: | , , , |
| Μορφή: | Βιβλίο |
| Γλώσσα: | Greek |
| Δημοσίευση: |
Αθήνα :
Ακαδημία Αθηνών, Κέντρον Ερεύνης του Μεσαιωνικού και Νέου Ελληνισμού,
2000.
|
| Θέματα: | |
| Ετικέτες: |
Προσθήκη ετικέτας
Δεν υπάρχουν, Καταχωρήστε ετικέτα πρώτοι!
|
MARC
| LEADER | 00000cam a2200000 a 4500 | ||
|---|---|---|---|
| 001 | 1/120489 | ||
| 008 | 191210s2000####gr ||||||| |||| ||gre|| | ||
| 020 | |a 9607099907 | ||
| 040 | |a GR-MyUa |b gre |c GR-MyUa |e AACR2 | ||
| 041 | 0 | |a gre | |
| 082 | 7 | |a 888.241 |2 (23) | |
| 100 | 1 | |a Βεστάρχης, Μιχαήλ |d -1662. | |
| 245 | 1 | 0 | |a Ανέκδοτα στιχουργήματα του θρησκευτικού θεάτρου του ΙΖ' αιώνα : |b έργα των ορθοδόξων Χίων κληρικών Μιχ. Βεστάρχη, Γρηγ. Κονταράτου, Γαβρ. Προσοψά / |c έκδοση κριτική με εισαγωγή, σχόλια και ευρετήρια : Μ.Ι. Μανούσακα, Β. Πούχνερ. |
| 260 | |a Αθήνα : |b Ακαδημία Αθηνών, Κέντρον Ερεύνης του Μεσαιωνικού και Νέου Ελληνισμού, |c 2000. | ||
| 300 | |a 411 σ. ; |c 24 εκ. | ||
| 650 | 0 | |a Greek drama, Modern |y 1453-1800. | |
| 650 | 0 | |a Religious drama, Greek |y 17th century. | |
| 700 | 1 | |a Κονταράτος, Γρηγόριος |d 17ος/18ος αι. | |
| 700 | 1 | |a Προσοψάς, Γαβριήλ |d 17ος/18ος αι. | |
| 700 | 1 | |a Μανούσακας, Μανούσος Ι. |d 1914- |e edt | |
| 700 | 1 | |a Puchner, Walter, |e edt | |
| 852 | |a INST |b LESVOS |e 20191210 |h 888.241 ΒΕΣ |p 005100062930 |q 005100062930 |t BK |y 0 | ||
| 920 | |a ΠΜΣ Κρίση και Ιστορική Αλλαγή |y Λέσβος |z 2019-10 | ||
| 970 | |a Δημάκη |b Μαρία |z 10-12-2019 | ||